|
|
|
|
| LEADER |
01141nam a2200325Ia 4500 |
| 001 |
EBC233929 |
| 003 |
MiAaPQ |
| 005 |
20200520144314.0 |
| 006 |
m o d | |
| 007 |
cr cn||||||||| |
| 008 |
000815s2005 enk s 000 0 eng d |
| 020 |
|
|
|z 1845441133
|
| 035 |
|
|
|a (MiAaPQ)EBC233929
|
| 035 |
|
|
|a (Au-PeEL)EBL233929
|
| 035 |
|
|
|a (CaPaEBR)ebr10085654
|
| 035 |
|
|
|a (CaONFJC)MIL50993
|
| 035 |
|
|
|a (OCoLC)191038895
|
| 040 |
|
|
|a MiAaPQ
|c MiAaPQ
|d MiAaPQ
|
| 050 |
|
4 |
|a TS177
|b .S74 2005
|
| 245 |
0 |
0 |
|a Specialised facilities
|h [electronic resource] /
|c editor Dr. Edward Finch.
|
| 260 |
|
|
|a Bradford, England :
|b Emerald Group Publishing,
|c c2005.
|
| 300 |
|
|
|a 91 p.
|
| 490 |
0 |
|
|a Facilities ;
|v v. 23, no. 5/6
|
| 533 |
|
|
|a Electronic reproduction. Ann Arbor, MI : ProQuest, 2015. Available via World Wide Web. Access may be limited to ProQuest affiliated libraries.
|
| 650 |
|
0 |
|a Facility management.
|
| 650 |
|
0 |
|a Plant engineering.
|
| 655 |
|
4 |
|a Electronic books.
|
| 700 |
1 |
|
|a Finch, Edward.
|
| 710 |
2 |
|
|a ProQuest (Firm)
|
| 856 |
4 |
0 |
|u https://ebookcentral.proquest.com/lib/matrademy/detail.action?docID=233929
|z Click to View
|